000 01592nam a22003737a 4500
005 20180803170234.0
008 160413b2012 ck abd fr|||| 00| 0 spa d
020 _a9789588343792
040 _aCO-BoIAVH
_cCO-BoIAVH
041 0 _aspa
044 _ack
082 0 4 _a522.63
_bD27m
100 1 _aDíaz-Pulido, Angélica
245 1 0 _aManual de fototrampeo :
_buna herramienta de investigación para la conservación de la biodiversidad en Colombia /
_cAngélica Díaz Pulido y Esteban Payán Garrido
250 _aPrimera edición
260 _aBogotá :
_bInstituto de Investigación de Recursos Biológicos Alexander von Humboldt,
_c2012.
300 _a32 páginas :
_bilustraciones a color, mapas y tablas ;
_c21 x 22 centímetros
504 _aIncluye referencias bibliográficas: páginas 30-32.
505 0 _aHistoria de fototrampeo.
505 0 _aUso de cámaras trampa.
505 0 _aObjetivos y diseño de muestreo.
505 0 _aInstalación y registro de cámaras trampa en campo.
505 0 _aInformación de las fotografías de las cámaras trampa.
505 0 _aAnálisis de los datos obtenidos a partir de las cámaras trampa.
505 0 _aConclusiones y recomendaciones generales.
650 1 4 _aFototrampeo
_xHistoria
650 2 4 _aCámaras de trampa
_xusos
650 2 6 _aConservación biológica
_xtécnicas
650 2 4 _aInventario de especies
_zColombia
650 2 6 _aBiodiversidad
_zColombia
650 2 6 _aBiogeografía
700 1 _aPayán Garrido, Esteban
_eautor
942 _2ddc
_cLIBRO
999 _c18276
_d18276